000 00283nam a22001337a 4500
008 181016b xxu||||| |||| 00| 0 eng d
020 _a9780757564895
041 _aeng
080 _a336
100 _a56
101 _aFIN
245 _aPersonal Finance
_cDan.f
942 _2udc
_cBK
999 _c49822
_d49822